| Tag |
First Indicator |
Second Indicator |
Subfields |
| LEADER |
00000pam a2200000 a 4500 |
| 001 |
in00000089281 |
| 005 |
20151008063354.0 |
| 008 |
810512s1981 ilu b 00110 eng |
| 010 |
|
|
|a 81040474
|
| 020 |
|
|
|a 0226543188
|
| 020 |
|
|
|a 0226543196 (pbk.)
|
| 035 |
|
|
|a (OCoLC)07554634
|
| 035 |
|
|
|9 AAK2107AM
|
| 039 |
0 |
|
|a 2
|b 3
|c 3
|d 3
|e 3
|
| 040 |
|
|
|a DLC
|c DLC
|d TXA
|d UtOrBLW
|
| 049 |
|
|
|a TXAM
|c [932872]
|
| 050 |
0 |
0 |
|a B3376.W563
|b T7346
|
| 082 |
0 |
|
|a 192
|2 19
|
| 100 |
1 |
|
|a Mounce, H. O.
|
| 245 |
1 |
0 |
|a Wittgenstein's Tractatus :
|b an introduction /
|c H.O. Mounce.
|
| 264 |
|
1 |
|a Chicago :
|b University of Chicago Press,
|c 1981.
|
| 300 |
|
|
|a 136 pages ;
|c 22 cm.
|
| 336 |
|
|
|a text
|b txt
|2 rdacontent
|
| 337 |
|
|
|a unmediated
|b n
|2 rdamedia
|
| 338 |
|
|
|a volume
|b nc
|2 rdacarrier
|
| 504 |
|
|
|a Includes bibliographical references and index.
|
| 600 |
1 |
0 |
|a Wittgenstein, Ludwig,
|d 1889-1951.
|t Tractatus logico-philosophicus.
|
| 650 |
|
0 |
|a Logic, Symbolic and mathematical.
|
| 650 |
|
0 |
|a Language and languages
|x Philosophy.
|
| 999 |
|
|
|a MARS
|
| 999 |
f |
f |
|s 49803867-4120-3d4a-8721-10a10b8229a4
|i 6ab08b0d-6c67-3569-8271-19f2a45013a8
|t 0
|
| 952 |
f |
f |
|p normal
|a Texas A&M University
|b College Station
|c Sterling C. Evans Library
|d Evans: Library Stacks
|t 0
|e B3376.W563 T7346
|h Library of Congress classification
|i unmediated -- volume
|m A14806084732
|
| 998 |
f |
f |
|a B3376.W563 T7346
|t 0
|l Evans: Library Stacks
|